00789nam a2200217 a 4500001000200000003000400002005001700006008003000023040002600053082002900079245017200108250001300280260005300293300002000346600006100366650002400427650002100451650003600472650003600508650002700544 OSt20220926104439.0130823s2022 dr 000 0 spa d aDO-SdBNPbspacBPMSU  aRD863.44bB742L 202222210aCuentos y valores :btextos de Juan Bosch para fomentar el desarrollo de la conciencia moral y ética /ceditor Ángel R. Villarini Jusino prólogo Matía Bosch  a2a. ed.  aSanto Domingo :b Fundación Juan Bosch, c2022 a240 p ;c22 cm.14a Bosch, Juan, d1909-2001xCrítica e interpretación  4aCuentos dominicanos 4aValores sociales 4aConducta (Ética)vCuentos.x  4aValores (Filosofía)vCuentos. 4aLiteratura dominicana